canciones de paraiso (mora) - Estadísticas

Estadísticas generales
  • Esta prueba ha sido intentada 120 veces
  • La puntuación promedio es 11 de 14
Estadísticas de respuestas
Hint Respuesta % Correcto
ft Yovngchimi Modelito
97%
ft Quevedo Apa
95%
Bienvenida al paraiso
88%
Calentón
84%
Domingo de bote
82%
ft PaoPao Cositas
80%
ft Danny ocean Eivissa
80%
Como has estau?
74%
En la orilla
72%
ft De la ghetto AIRBNB
70%
Casualidad
68%
Que habilidad
66%
Tú sabes donde vivo
59%
Malafama
58%
No se encontraron pruebas coincidentes
Distribución de puntuación
Porcentaje de gente con cada puntuación
Porcentaje por número respondido
Historial de tus puntuaciones
No has intentado esta prueba.